[Event "Chigorin Memorial Blitz 30th"]
[Site "St Petersburg"]
[Date "2023.10.20"]
[Round "3"]
[White "Goltsev, Dmitry"]
[Black "Zhernovoi, Alexey"]
[Result "1-0"]
[WhiteElo "2215"]
[BlackElo "2050"]
[PlyCount "88"]
[EventDate "2023.10.20"]
[EventType "swiss (blitz)"]
[EventRounds "11"]
[EventCountry "RUS"]
[SourceTitle "Mega2024 Update 01"]
[Source "Chessbase"]
[SourceDate "2023.11.12"]
[SourceVersion "1"]
[SourceVersionDate "2023.11.12"]
[SourceQuality "1"]

1. e4 e5 2. Nf3 Nc6 3. Bb5 d6 4. c3 Bd7 5. d4 Nf6 6. 0-0 Be7 7. dxe5 Nxe5 8. Nxe5 dxe5 9. Bxd7+ Qxd7 10. Qxd7+ Nxd7 11. Be3 Bc5 12. Bxc5 Nxc5 13. Nd2 0-0-0 14. Nc4 f6 15. f3 Rd7 16. a4 Nb3 17. Rad1 Rhd8 18. Rxd7 Rxd7 19. Re1 Nc5 20. a5 a6 21. Kf1 Nd3 22. Rd1 Nf4 23. Rxd7 Kxd7 24. g3 Ne6 25. Ke2 Kc6 26. b4 b6 27. Kd3 b5 28. Ne3 Kd7 29. Nf5 c5 30. Ne3 Kc6 31. Nd5 c4+ 32. Ke2 Kd7 33. f4 exf4 34. gxf4 Nc7 35. Ne3 Ne6 36. Kf3 Kd6 37. Nf5+ Kd7 38. Ke3 g6 39. Nh4 Kd6 40. Nf3 Kd7 41. e5 f5 42. Nd4 Nxd4 43. Kxd4 Kc6 44. h4 h5 1-0

[Event "St Petersburg rapid final"]
[Site "St Petersburg"]
[Date "2016.09.17"]
[Round "1.1"]
[White "Chigaev, Maksim"]
[Black "Zhernovoi, Alexey"]
[Result "1/2-1/2"]
[WhiteElo "2551"]
[BlackElo "2056"]
[PlyCount "110"]
[EventDate "2016.09.17"]
[EventType "k.o. (rapid)"]
[EventRounds "5"]
[EventCountry "RUS"]
[SourceTitle "CBM 174 Extra"]
[Source "ChessBase"]
[SourceDate "2016.10.10"]
[SourceVersion "1"]
[SourceVersionDate "2016.10.10"]
[SourceQuality "1"]

1. e4 e5 2. Nf3 Nc6 3. Bb5 d6 4. 0-0 Bd7 5. d4 Nf6 6. Nc3 Be7 7. Re1 exd4 8. Nxd4 0-0 9. Bxc6 bxc6 10. Bg5 Re8 11. Qd3 Ng4 12. Bxe7 Qxe7 13. h3 Ne5 14. Qg3 Qf6 15. Rad1 Rab8 16. b3 Qg6 17. Kh2 Qxg3+ 18. Kxg3 f6 19. f4 Nf7 20. Kf2 Re7 21. g4 Rbe8 22. Rg1 g5 23. f5 Kg7 24. Nf3 Ne5 25. Nd4 Rh8 26. h4 gxh4 27. g5 h3 28. Rg3 h2 29. Rh1 fxg5 30. Rxg5+ Kf6 31. Rg3 Rg7 32. Rxg7 Kxg7 33. Nf3 Ng4+ 34. Kg3 Nf6 35. Rxh2 Re8 36. Kf4 c5 37. e5 dxe5+ 38. Nxe5 Bxf5 39. Kxf5 Rxe5+ 40. Kxe5 Ng4+ 41. Kf4 Nxh2 42. Nb5 Kf6 43. Nxa7 Ke6 44. Nb5 Kd7 45. Nc3 h5 46. Ne4 Kc6 47. c4 Ng4 48. Kg5 Ne5 49. Kxh5 Nd3 50. Kg5 Nc1 51. Nc3 Kb6 52. Kf4 Ka5 53. Ke3 Kb4 54. Kd2 Nxa2 55. Nxa2+ Kxb3 1/2-1/2

[Event "St Petersburg rapid final"]
[Site "St Petersburg"]
[Date "2016.09.17"]
[Round "1.2"]
[White "Zhernovoi, Alexey"]
[Black "Chigaev, Maksim"]
[Result "0-1"]
[WhiteElo "2056"]
[BlackElo "2551"]
[PlyCount "66"]
[EventDate "2016.09.17"]
[EventType "k.o. (rapid)"]
[EventRounds "5"]
[EventCountry "RUS"]
[SourceTitle "CBM 174 Extra"]
[Source "ChessBase"]
[SourceDate "2016.10.10"]
[SourceVersion "1"]
[SourceVersionDate "2016.10.10"]
[SourceQuality "1"]

1. d4 Nf6 2. c4 g6 3. Nf3 Bg7 4. b3 0-0 5. Bb2 d6 6. e3 e5 7. dxe5 Nfd7 8. Be2 Nc6 9. 0-0 Ndxe5 10. Nc3 a5 11. Qc1 Re8 12. Rd1 Bd7 13. Nd5 Nxf3+ 14. Bxf3 Ne5 15. Be2 Bc6 16. c5 dxc5 17. Qxc5 b6 18. Qc2 Bxd5 19. e4 Bxb3 20. Qxb3 Qe7 21. Rac1 a4 22. Qc2 a3 23. Bxe5 Bxe5 24. Bc4 Kg7 25. Bd5 Ra5 26. Qd3 Rd8 27. Qf3 Bb2 28. Rb1 Rc5 29. g3 c6 30. Bb3 Rc3 31. Qf4 Rxb3 32. Rxd8 Qxd8 33. axb3 a2 0-1